000 01289pam a2200361 a 4500
001 2958881
003 OSt
005 20260618061303.0
008 910128s1991 miu b 001 0 eng
010 _a 91006677
020 _a0802821685
020 _a9780802821683
035 _a2958881
040 _aDLC
_cDLC
_dDLC
050 0 0 _aREF 227.8107
_bM875F
082 0 0 _aREF 227.8107
_220
_bM875F
100 1 _aMorris, Leon,
_d1914-2006.
_9528
245 1 4 _aThe first and second Epistles to the Thessalonians /
_cby Leon Morris.
250 _aRev. ed.
260 _aGrand Rapids, Mich. :
_bW.B. Eerdmans,
_cc1991.
300 _axvi, 278 p. ;
_c22 cm.
336 _atext
_btxt
_2rdacontent
337 _aunmediated
_bn
_2rdamedia
338 _avolume
_bnc
_2rdacarrier
440 4 _aThe New International commentary on the New Testament
_9529
504 _aIncludes bibliographical references and indexes.
630 0 0 _aBible.
_pThessalonians
_xCommentaries.
_9530
730 0 2 _aBible.
_pThessalonians.
_lEnglish.
_sNew International.
_f1991.
_9531
906 _a7
_bcbc
_corignew
_d1
_eocip
_f19
_gy-gencatlg
942 _2ddc
_cBK
999 _c11665
_d11665